00686 2200253 4500001002100000005001500021035002000036007000300056008004100059020002200100082000800122084001400130100002000144245007000164250001000234260003900244300003300283500003000316650002700346700001200373504002500385990001100410990001100421INLIS00000000000338020090102032013 a0010-0109000043ta090102 g 0 ind  a978-602-6323-47-7 a345 a345 IGR s0 aIGREA, Siswanto1 aSeri Pembentukan Karakter Awasb Bahaya Penipuan /cIgrea Siswanto acet.2 aDepok :bKhalifah Mediatama,c2018 avi, 42 hlm :bilus. ;c28 cm aSeri Pembentukan Karakter 4aHUKUM PIDANA. PENIPUAN0 aJULIANA aBibliografi: hlm. 42 a6693 a a6693 b